Materials Selection for Design and Manufacturing : (Record no. 33967)

000 -LEADER
fixed length control field 01064cam a2200301 a 4500
001 - CONTROL NUMBER
control field 4000726
003 - CONTROL NUMBER IDENTIFIER
control field OSt
005 - DATE AND TIME OF LATEST TRANSACTION
control field 20211005144900.0
008 - FIXED-LENGTH DATA ELEMENTS--GENERAL INFORMATION
fixed length control field 961121s1997 nyua b 001 0 eng
010 ## - LIBRARY OF CONGRESS CONTROL NUMBER
LC control number 96050430
020 ## - INTERNATIONAL STANDARD BOOK NUMBER
International Standard Book Number 9780824798444
038 ## - RECORD CONTENT LICENSOR
Staff Name Khadija
040 ## - CATALOGING SOURCE
Original cataloging agency DLC
Transcribing agency DLC
Modifying agency DLC
050 00 - LIBRARY OF CONGRESS CALL NUMBER
Classification number TA405
Item number .D326 1997
082 00 - DEWEY DECIMAL CLASSIFICATION NUMBER
Classification number 620.112
Edition number 21
Author Mark DAT
100 1# - MAIN ENTRY--PERSONAL NAME
Personal name Datsko, Joseph,
Dates associated with a name 1921-
9 (RLIN) 82940
245 10 - TITLE STATEMENT
Title Materials Selection for Design and Manufacturing :
Remainder of title theory and practice /
Statement of responsibility, etc. Joseph Datsko.
260 ## - PUBLICATION, DISTRIBUTION, ETC.
Place of publication, distribution, etc. New York :
Name of publisher, distributor, etc. Marcel Dekker,
Date of publication, distribution, etc. c1997.
300 ## - PHYSICAL DESCRIPTION
Extent xii, 376 p. :
Other physical details ill. ;
Dimensions 24 cm.
504 ## - BIBLIOGRAPHY, ETC. NOTE
Bibliography, etc. note Includes bibliographical references and index.
563 ## - BINDING INFORMATION
Binding note PB
650 #0 - SUBJECT ADDED ENTRY--TOPICAL TERM
Topical term or geographic name entry element Strength of materials.
9 (RLIN) 563
650 #0 - SUBJECT ADDED ENTRY--TOPICAL TERM
Topical term or geographic name entry element Metals.
856 42 - ELECTRONIC LOCATION AND ACCESS
Materials specified Publisher description
Uniform Resource Identifier <a href="http://www.loc.gov/catdir/enhancements/fy0647/96050430-d.html">http://www.loc.gov/catdir/enhancements/fy0647/96050430-d.html</a>
906 ## - LOCAL DATA ELEMENT F, LDF (RLIN)
a 7
b cbc
c orignew
d 1
e ocip
f 19
g y-gencatlg
942 ## - ADDED ENTRY ELEMENTS (KOHA)
Source of classification or shelving scheme
Koha item type Book
Holdings
Withdrawn status Lost status Source of classification or shelving scheme Damaged status Not for loan Permanent Location Current Location Shelving location Date acquired Full call number Barcode Date last seen Price effective from Koha item type Public note
          School of Mechanical & Manufacturing Engineering (SMME) School of Mechanical & Manufacturing Engineering (SMME) General Stacks 05/23/2016 620.112 DAT SMME-3304 12/21/2022 05/23/2016 Book Rack,40-Shelf,3
© 2023 Central Library, National University of Sciences and Technology. All Rights Reserved.